Yo me pregunto si la noche lenta: (Registro nro. 7112)

Detalles MARC
000 -LEADER
fixed length control field 02187nam a22002657a 4500
003 - CONTROL NUMBER IDENTIFIER
control field OSt
005 - DATE AND TIME OF LATEST TRANSACTION
control field 20250702101826.0
008 - FIXED-LENGTH DATA ELEMENTS--GENERAL INFORMATION
fixed length control field 210205s2012 ck ||||gr|||| 00| 0 spa d
020 ## - INTERNATIONAL STANDARD BOOK NUMBER
International Standard Book Number 9789587108453
040 ## - CATALOGING SOURCE
Transcribing agency CO-JMCR
Original cataloging agency CO-JMCR
041 0# - LANGUAGE CODE
Language code of text/sound track or separate title spa
082 04 - DEWEY DECIMAL CLASSIFICATION NUMBER
Classification number A-P
Item number ROAy
Edition number 23
100 1# - MAIN ENTRY--PERSONAL NAME
Personal name Roa Delagado, Juan Pablo,
Relator term autor
9 (RLIN) 13060
245 12 - TITLE STATEMENT
Title Yo me pregunto si la noche lenta:
Remainder of title antología /
Statement of responsibility, etc. Juan Pablo Roa Delgado
250 ## - EDITION STATEMENT
Edition statement Primera edición
260 ## - PUBLICATION, DISTRIBUTION, ETC.
Place of publication, distribution, etc. Bogotá :
Name of publisher, distributor, etc. Universidad Externado de Colombia,
Date of publication, distribution, etc. 2012
300 ## - PHYSICAL DESCRIPTION
Extent [72] páginas ;
Dimensions 15 cm.
490 0# - SERIES STATEMENT
Series statement Libro por centavos,
Volume/sequential designation N°, 86
505 0# - FORMATTED CONTENTS NOTE
Formatted contents note Teníamos un sol sonoro -- Una imagen fugaz -- ya siento el rumor -- Penetro en la otra noche -- Ahora el poema -- Ahora queda sólo -- Estación del viento -- Padre: árbol -- Primera roca -- Voy hacia la luz -- Una luz de ausencia -- Ahora que sabemos -- A ti que no anduviste -- Caminamos bajo aguas encendidas -- Lengua encendida -- Desnudos de padre -- Durante años -- Entonces vino -- Las costumbres -- No eran cenicientas -- Otro viento aviva -- Saca tu imagen Ni el abrazo -- Toda carne -- Ahora paso -- Pero así es el paisaje -- País cuya penumbra -- Como quien es -- La palabra desbroza Buscas en la luz -- Animales invisibles -- Como escribir -- De todas las raíces -- El movimiento -- En esta página el poema -- En esta página vacía -- Hay un roble -- La palabra que canta -- Las bellas formas -- La voz que escribe -- No será quizá -- No somos de aire -- Patria cuyo lugar -- Poema, palabra -- Venía, pues -- Voz: cántaro -- Ahora vuelve -- Persiste la nieve -- Todo hijo -- Seguimos tan solos -- No llamo a los muertos -- Como voz venida -- Apariencia frágil -- Mitad en la luz -- Oscura búsqueda -- El tiempo
520 0# - SUMMARY, ETC.
Summary, etc. "En su poesía, Juan Pablo Roa nombra la ausencia, lo perdido y lo alejado con serena tristeza, buscando un sentido ultimo en la palabra, en el misterio de la naturaleza y en la luz consoladora que su espíritu vislumbra"
Uniform Resource Identifier <a href="Tapa posterior ">Tapa posterior </a>
650 24 - SUBJECT ADDED ENTRY--TOPICAL TERM
Topical term or geographic name entry element Tristeza
General subdivision poesía
Geographic subdivision Colombia
9 (RLIN) 13061
650 24 - SUBJECT ADDED ENTRY--TOPICAL TERM
Topical term or geographic name entry element Poesía
Geographic subdivision Colombia
9 (RLIN) 10265
650 24 - SUBJECT ADDED ENTRY--TOPICAL TERM
Topical term or geographic name entry element Estados de animo
Geographic subdivision Colombia
9 (RLIN) 13062
942 ## - ADDED ENTRY ELEMENTS (KOHA)
Source of classification or shelving scheme Dewey Decimal Classification
Koha item type Books
Existencias
Withdrawn status Lost status Source of classification or shelving scheme Damaged status Not for loan Home library Current library Shelving location Date acquired Source of acquisition Total Checkouts Full call number Barcode Date last seen Date last checked out Copy number Price effective from Koha item type
    Dewey Decimal Classification     Biblioteca Pública José María del Castillo y Rada Biblioteca Pública José María del Castillo y Rada General Stacks 10/02/2020 Donación 1 A-P ROAy 201810164 10/30/2023 10/17/2023 Ej.1 10/02/2020 Books